Análisis morfológico de veinte cuentos de magia de la tradición oral chilena

Gardado en:
Detalles Bibliográficos
Autor Principal: Foresti, Carlos (Author)
Formato: Libro
Idioma:Lingua castelá
Publicado: Göteborg Acta Universitatis Gotheburgensis 1985
Series:Romanica Githoburgensia, 23
Subjects:
Tags: Engadir etiqueta
Sen Etiquetas, Sexa o primeiro en etiquetar este rexistro!

MARC

LEADER 00000nam a2200000 a 4500
001 UCQ6415
003 CL-VaPUC
008 981016e19850000SW |||||||||||||||||spa|d
082 0 4 |a Ch863.09  |b FOR  |2 21 
100 0 |a Foresti, Carlos  |e author  |9 420302 
245 1 0 |a Análisis morfológico de veinte cuentos de magia de la tradición oral chilena 
300 |a 179 p 
942 |c BK 
945 |d 19981016 00:00:00  |a crobeson 
260 |a Göteborg  |b Acta Universitatis Gotheburgensis  |c 1985 
650 0 |a Cuento chileno  |9 352824 
650 0 |a Tradición oral   |9 321175 
650 0 |a Literatura chilena   |9 308278 
650 0 |a Crítica e interpretación   |9 255042 
650 0 |a Crítica literaria   |9 269189 
650 0 |a Análisis lingüístico  |9 314711 
583 |a last modification  |c 19981016 00:00:00  |k Rodrigo Vera 
490 0 |a Romanica Githoburgensia, 23 
999 |c 276374  |d 276372 
952 |0 0  |1 0  |4 0  |6 CH_863_090000000000000_FOR_1985  |7 0  |8 A  |9 313575  |a BIBEDU  |b BIBEDU  |d 2019-11-20  |i 1481371  |o Ch863.09 FOR 1985  |p 1481371  |r 2019-11-20  |w 2019-11-20  |y BK  |k LIT